| 000 | 00483nam a2200169Ia 4500 | ||
|---|---|---|---|
| 008 | 230524s9999 xx 000 0 und d | ||
| 082 |
_a660.6092 _bRAS |
||
| 100 | _aS.C.Rastogi | ||
| 245 | 0 | _a"Bioinformatics : Methods and Applications (Genomics, Proteomics & Drug Discovery" | |
| 250 | _a1ST | ||
| 260 |
_aNEW DELHI _bPHI _c2004 |
||
| 300 | _aIX;401 | ||
| 500 | _aQuantity Number: 2 | ||
| 650 | _aBiomedical | ||
| 700 | _a" Namita Mendiratta , Parag Rastogi,,," | ||
| 942 | _cBK | ||
| 999 |
_c35002 _d35002 |
||